header

Human capital in the United States from 1975 to 2000 (Record no. 101480)

MARC details
000 -LEADER
fixed length control field 01450nam a22003374a 4500
082 04 - DEWEY DECIMAL CLASSIFICATION NUMBER
Classification number 331.12/5/097309045
100 1# - MAIN ENTRY--AUTHOR NAME
Personal name Haveman, Robert H.
245 10 - TITLE STATEMENT
Title Human capital in the United States from 1975 to 2000
260 ## - PUBLICATION, DISTRIBUTION, ETC. (IMPRINT)
Place of publication Kalamazoo, Mich. :
Name of publisher W.E. Upjohn Institute for Employment Research,
Year of publication 2003.
300 ## - PHYSICAL DESCRIPTION
Number of Pages xii, 229 p. :
Other physical details ill.
650 #0 - SUBJECT ADDED ENTRY--TOPICAL TERM
Topical Term Human capital
Topical Term Manpower policy
700 1# - ADDED ENTRY--PERSONAL NAME
Personal name Bershadker, Andrew.
Personal name Schwabish, Jonathan A.
856 40 - ELECTRONIC LOCATION AND ACCESS
Uniform Resource Identifier http://site.ebrary.com/lib/rucke/Doc?id=10103867

No items available.

© 2026 Rongo University
Contact us: librarian | system librarian | Rongo university